|
|
|
|
| LEADER |
00000nam0a2200000 4500 |
| 001 |
358988 |
| 005 |
20240914063128.0 |
| 010 |
|
|
|a 5852000876
|
| 035 |
|
|
|a (RuTPU)RU\TPU\retro\16260
|
| 090 |
|
|
|a 358988
|
| 100 |
|
|
|a 20200904d1993 m y0rusy50 ca
|
| 101 |
0 |
|
|a rus
|
| 102 |
|
|
|a RU
|
| 105 |
|
|
|a a z 001cd
|
| 200 |
1 |
|
|a Парижские находки
|f И. С. Зильберштейн
|g под ред. Т. А. Савицкой
|
| 210 |
|
|
|a Москва
|c Изобразительное искусство
|d 1993
|
| 215 |
|
|
|a 296 с.
|c ил.
|
| 320 |
|
|
|a Список иллюстраций: с. 287-293
|
| 600 |
|
1 |
|a Пушкин
|b А. С.
|c российский поэт
|c писатель
|f 1799-1837
|g Александр Сергеевич
|7 ca
|8 rus
|2 stltpush
|3 (RuTPU)RU\TPU\pers\1026
|9 453
|
| 600 |
|
1 |
|a Дягилев
|g Сергей Павлович
|c российский театральный и художественный деятель
|f 1872-1929
|b С. П.
|2 stltpush
|3 (RuTPU)RU\TPU\pers\896
|
| 600 |
|
1 |
|a Лифарь
|b С. (С. М.)
|c французский артист балета
|c хореограф
|c педагог
|c выходец из России
|f 1905-1986
|g Серж (Сергей Михайлович)
|2 stltpush
|3 (RuTPU)RU\TPU\pers\17639
|9 6524
|
| 600 |
|
1 |
|a Рылеев
|b К. Ф.
|c русский поэт
|c декабрист
|f 1795-1826
|g Кондратий Федорович
|2 stltpush
|3 (RuTPU)RU\TPU\pers\11919
|9 3028
|
| 600 |
|
1 |
|a Шевченко
|g Тарас Григорьевич
|b Т. Г.
|c украинский поэт
|f 1814-1861
|c художник
|2 stltpush
|3 (RuTPU)RU\TPU\pers\1608
|
| 600 |
|
1 |
|a Гоголь
|g Николай Васильевич
|b Н. В.
|c русский писатель
|f 1809-1852
|2 stltpush
|3 (RuTPU)RU\TPU\pers\1036
|
| 600 |
|
1 |
|a Лермонтов
|g Михаил Юрьевич
|c русский поэт
|f 1814-1841
|c писатель
|b М. Ю.
|2 stltpush
|3 (RuTPU)RU\TPU\pers\1023
|
| 600 |
|
1 |
|a Брюллов
|g Карл Павлович
|c российский живописец и рисовальщик
|f 1799-1852
|b К. П.
|2 stltpush
|3 (RuTPU)RU\TPU\pers\633
|
| 600 |
|
1 |
|a Кипренский
|b О. А.
|c российский живописец
|f 1782-1836
|g Орест Адамович
|2 stltpush
|3 (RuTPU)RU\TPU\pers\11967
|9 3075
|
| 606 |
1 |
|
|a Русская литература, дореволюционная
|x История и критика
|2 stltpush
|3 (RuTPU)RU\TPU\subj\26372
|9 50315
|
| 610 |
1 |
|
|a литературоведение
|
| 610 |
1 |
|
|a русские писатели
|
| 610 |
1 |
|
|a русские поэты
|
| 610 |
1 |
|
|a художники
|
| 610 |
1 |
|
|a русский театр
|
| 610 |
1 |
|
|a русская культура
|
| 610 |
1 |
|
|a автографы
|
| 610 |
1 |
|
|a картины
|
| 610 |
1 |
|
|a Россия
|
| 610 |
1 |
|
|a Франция
|
| 675 |
|
|
|a 8Р1
|v 4
|
| 700 |
|
1 |
|a Зильберштейн
|b И. С.
|g Илья Самойлович
|4 070
|
| 702 |
|
1 |
|a Савицкая
|b Т. А.
|4 340
|
| 801 |
|
1 |
|a RU
|b 63413507
|c 20200904
|
| 801 |
|
2 |
|a RU
|b 63413507
|c 20230623
|g RCR
|
| 942 |
|
|
|c BK
|